| 000 | 00762nam a22001937a 4500 | ||
|---|---|---|---|
| 005 | 20250709105950.0 | ||
| 008 | 250709s2025 xxk|||||o|||| 00| 0 eng d | ||
| 041 | _aeng | ||
| 110 | _aRoyal Institution of Chartered Surveyors | ||
| 245 |
_aRICS AGM 2025: _bQuestions and answers _h[Electronic resource] |
||
| 260 |
_aLondon, _bRoyal Institution of Chartered Surveyors, _cJuly 2025 |
||
| 300 | _a27p | ||
| 490 | _aRICS AGM | ||
| 520 | _aRICS Annual General Meeting on 26 June 2025 anonymised questions and answers. | ||
| 651 | _aUnited Kingdom | ||
| 710 | _aRoyal Institution of Chartered Surveyors | ||
| 856 |
_uhttps://www.rics.org/content/dam/ricsglobal/documents/about-rics/annual-review/AGM-2025-Post-Q_A-pack.pdf _zAvailable on RICS.org |
||
| 942 | _n0 | ||
| 999 |
_c122195 _d122195 |
||